000 00320nam a2200121Ia 4500
008 220216s9999 xx 000 0 und d
100 _aNarayanan P K
245 0 _aRubber latex collection modelled on amul
260 _bRubber Board Bulletin
_c1985
300 _a5-Apr
650 _aRubber latex collection
942 _cJS
999 _c67780
_d67780